| 000 | 00498nam a2200181 a 4500 | ||
|---|---|---|---|
| 001 | 3607 | ||
| 003 | CO-ViMGA | ||
| 008 | 141112s2004 ck r 000 u spa d | ||
| 040 |
_aCO-ViMGA _bspa _cCO-ViMGA |
||
| 082 | 0 | 4 | _a747 S561 |
| 100 | 1 |
_aSloan, Annie _953546 |
|
| 245 | 1 | 0 |
_aEl color en la decoración / _cSloan Annie , Gwynn Kate |
| 260 |
_aBarcelona : _bBlume, _c1990 |
||
| 300 | _a191 p : il | ||
| 650 | 1 | 4 |
_aCOLOR - DECORACION _953547 |
| 650 | 1 | 4 | _aDECORACION DE INTERIORES |
| 942 |
_2ddc _cBK |
||
| 999 |
_c15648 _d15648 |
||